000 00364nam a22001217a 4500
999 _c4675
_d4675
008 250307b ||||| |||| 00| 0 eng d
020 _a9780746077252
082 _aE FIC COX
100 _aCOX,PHIL ROXBEE
_eAUTHOR
245 _aMOUSE MOVES HOUSE
_bUSBORNE PHONICS READERS
260 _a83-85,SAFFRON HILL,LONDON EC1N 8RT,ENGLAND
_bUSBORNE PUBLISHING LTD
942 _2ddc